Les plus grands joueurs de Liga - Statistiques

Statistiques générales
  • Ce quiz a été pris 335 fois
  • Le résultat moyen est 13 sur 20
Statistiques - réponses
Poste Joueur % Correct
Ailier gauche/buteur Cristiano Ronaldo
99%
Attaquant Lionel Messi
98%
Buteur Ronaldo Nazario
97%
Milieu de terrain Xavi Hernandez
89%
Milieu de terrain Andres Iniesta
88%
Défenseur central Sergio Ramos
83%
Gardien de but Iker Casillas
80%
Buteur Luis Suárez
80%
Ailier gauche Neymar
80%
Milieu offensif Zinédine Zidane
68%
Milieu défensif Sergio Busquets
64%
Ailier gauche Ronaldinho
59%
Attaquant Raúl González
55%
Arrière gauche Roberto Carlos
55%
Ailier droit Luis Figo
42%
Attaquant Alfredo Di Stefano
41%
Buteur David Villa
38%
Milieu offensif Rivaldo
24%
Attaquant Ferenc Puskás
21%
Défenseur central/milieu de terrain Fernando Hierro
20%
Aucun quiz correspondant
Distribution des résultats
% des personnes avec chaque résultat
Percentile par nombre de réponses
Votre historique - résultats
Vous n’avez pas pris ce quiz